| 000 -LEADER |
| fixed length control field |
00314nam a2200145Ia 4500 |
| 008 - FIXED-LENGTH DATA ELEMENTS--GENERAL INFORMATION |
| fixed length control field |
240801s9999 xx 000 0 und d |
| 020 ## - INTERNATIONAL STANDARD BOOK NUMBER |
| International Standard Book Number |
139780070494732 |
| 082 ## - DEWEY DECIMAL CLASSIFICATION NUMBER |
| Item number |
KUM-E |
| 100 ## - MAIN ENTRY--PERSONAL NAME |
| Personal name |
KUMAR KL |
| 245 #0 - TITLE STATEMENT |
| Title |
ENGINEERING MECHANICS |
| 250 ## - EDITION STATEMENT |
| Edition statement |
3 |
| 260 ## - PUBLICATION, DISTRIBUTION, ETC. |
| Place of publication, distribution, etc. |
NEW DELHI |
| Date of publication, distribution, etc. |
2008 |
| 300 ## - PHYSICAL DESCRIPTION |
| Extent |
799 |
| 942 ## - ADDED ENTRY ELEMENTS (KOHA) |
| Koha item type |
Donated Books |